[Event "Halifax"]
[Site "Halifax CAN"]
[Date "2013.06.28"]
[Round "1"]
[White "Dorrance, Adam"]
[Black "Charlton, Glenn"]
[Result "1-0"]
[WhiteElo "2192"]
[BlackElo "2013"]
[PlyCount "93"]
[GameId "2160767909339210"]
[EventDate "2013.06.28"]
[EventType "tourn"]
[EventRounds "5"]
[EventCountry "CAN"]
[SourceTitle "EXT 2022"]
[Source "ChessBase"]
[SourceDate "2021.10.06"]
[SourceVersion "1"]
[SourceVersionDate "2021.10.06"]
[SourceQuality "1"]

1. e4 d6 2. d4 g6 3. Nc3 Bg7 4. Be3 Nf6 5. Qd2 O-O 6. f3 e5 7. d5 c6 8. O-O-O cxd5 9. Nxd5 Nxd5 10. Qxd5 Be6 11. Qxd6 Qa5 12. a3 Nc6 13. Qc5 Qc7 14. Bb5 Rfc8 15. Bxc6 Bf8 16. Qc3 Qxc6 17. Qxc6 Rxc6 18. Kb1 Rac8 19. Rd2 a5 20. Ne2 b5 21. Rhd1 b4 22. Rd8 bxa3 23. Bh6 Rxc2 24. Rxf8+ Rxf8 25. Kxc2 Rb8 26. Ra1 Rxb2+ 27. Kd3 a2 28. Bd2 Rb1 29. Bc3 f6 30. Nc1 a4 31. Kd2 Kf7 32. Nd3 Bc4 33. Ne1 Ke6 34. Nc2 h5 35. Na3 Rxa1 36. Bxa1 Bf1 37. g3 g5 38. Nc2 Ba6 39. Ne3 Bb5 40. Nf5 Be8 41. Ng7+ Ke7 42. Nxe8 Kxe8 43. f4 gxf4 44. gxf4 exf4 45. Bxf6 Kf7 46. Ba1 Ke6 47. Ke2 1-0

[Event "Halifax"]
[Site "Halifax CAN"]
[Date "2013.06.28"]
[Round "1"]
[White "Felix, Chris"]
[Black "Martin, Brendan"]
[Result "1-0"]
[WhiteElo "1953"]
[BlackElo "2082"]
[PlyCount "59"]
[GameId "2160767909339211"]
[EventDate "2013.06.28"]
[EventType "tourn"]
[EventRounds "5"]
[EventCountry "CAN"]
[SourceTitle "EXT 2022"]
[Source "ChessBase"]
[SourceDate "2021.10.06"]
[SourceVersion "1"]
[SourceVersionDate "2021.10.06"]
[SourceQuality "1"]

1. e4 g6 2. d4 Bg7 3. Nc3 d6 4. Be2 Nf6 5. h4 h5 6. Nf3 Bg4 7. Ng5 Bxe2 8. Qxe2 c6 9. Be3 Nbd7 10. O-O-O Qa5 11. f4 Ng4 12. e5 e6 13. Bd2 O-O 14. Rh3 Qb6 15. Nce4 d5 16. Rb3 Qc7 17. Nd6 b6 18. Kb1 Nh6 19. Bb4 Rfd8 20. c4 c5 21. cxd5 cxb4 22. dxe6 f6 23. Rc1 Nc5 24. dxc5 fxg5 25. cxb6 Qxb6 26. e7 Re8 27. Nxe8 Rxe8 28. hxg5 Nf5 29. Qc4+ Kh7 30. g4 1-0

[Event "Halifax"]
[Site "Halifax CAN"]
[Date "2013.06.28"]
[Round "1"]
[White "Giacomin, Gordon"]
[Black "Burrows, Zachary"]
[Result "0-1"]
[WhiteElo "1924"]
[BlackElo "2031"]
[PlyCount "38"]
[GameId "2160767909339212"]
[EventDate "2013.06.28"]
[EventType "tourn"]
[EventRounds "5"]
[EventCountry "CAN"]
[SourceTitle "EXT 2022"]
[Source "ChessBase"]
[SourceDate "2021.10.06"]
[SourceVersion "1"]
[SourceVersionDate "2021.10.06"]
[SourceQuality "1"]

1. e4 Nf6 2. e5 Nd5 3. c4 Nb6 4. d4 d6 5. exd6 cxd6 6. Nc3 g6 7. Be3 Bg7 8. Be2 O-O 9. h3 Nc6 10. Nf3 e5 11. O-O Re8 12. Qd2 exd4 13. Nxd4 d5 14. Nxc6 bxc6 15. cxd5 cxd5 16. Bb5 Re6 17. Rad1 Bb7 18. Na4 d4 19. Nxb6 Qxb6 0-1

[Event "Halifax"]
[Site "Halifax CAN"]
[Date "2013.06.29"]
[Round "2"]
[White "Charlton, Glenn"]
[Black "Giacomin, Gordon"]
[Result "1/2-1/2"]
[WhiteElo "2013"]
[BlackElo "1924"]
[PlyCount "60"]
[GameId "2160767909339213"]
[EventDate "2013.06.28"]
[EventType "tourn"]
[EventRounds "5"]
[EventCountry "CAN"]
[SourceTitle "EXT 2022"]
[Source "ChessBase"]
[SourceDate "2021.10.06"]
[SourceVersion "1"]
[SourceVersionDate "2021.10.06"]
[SourceQuality "1"]

1. e4 c6 2. d4 d5 3. exd5 cxd5 4. Bd3 Nc6 5. c3 Qc7 6. h3 Nf6 7. Nf3 e6 8. O-O Bd7 9. Na3 a6 10. Nc2 Bd6 11. Re1 Ne7 12. Qe2 Ng6 13. Ne5 O-O 14. Bd2 Rae8 15. f4 Re7 16. Rf1 Be8 17. Rae1 Nd7 18. Kh1 f6 19. Nxg6 Bxg6 20. Bxg6 hxg6 21. Qg4 Kf7 22. Re2 f5 23. Qf3 Nf6 24. Ne1 Ne4 25. Nd3 Ree8 26. Ne5+ Bxe5 27. dxe5 Qc4 28. Kh2 Qxa2 29. Be3 Rc8 30. Bd4 Qc4 1/2-1/2

[Event "Halifax"]
[Site "Halifax CAN"]
[Date "2013.06.29"]
[Round "2"]
[White "Felix, Chris"]
[Black "Dorrance, Adam"]
[Result "1/2-1/2"]
[WhiteElo "1953"]
[BlackElo "2192"]
[PlyCount "82"]
[GameId "2160767909339214"]
[EventDate "2013.06.28"]
[EventType "tourn"]
[EventRounds "5"]
[EventCountry "CAN"]
[SourceTitle "EXT 2022"]
[Source "ChessBase"]
[SourceDate "2021.10.06"]
[SourceVersion "1"]
[SourceVersionDate "2021.10.06"]
[SourceQuality "1"]

1. e4 c6 2. Nc3 d5 3. Nf3 Bg4 4. h3 Bh5 5. exd5 cxd5 6. Bb5+ Nc6 7. g4 Bg6 8. Ne5 Rc8 9. d4 e6 10. Qe2 Bb4 11. h4 Nge7 12. h5 Be4 13. f3 O-O 14. Nxc6 Nxc6 15. Be3 Qf6 16. fxe4 Nxd4 17. Bxd4 Qxd4 18. Rd1 Bxc3+ 19. bxc3 Qxc3+ 20. Kf1 dxe4 21. Qxe4 Qxc2 22. Qxc2 Rxc2 23. a4 a6 24. Be2 Ra2 25. Rd4 h6 26. Rh3 Rb2 27. Rhd3 b5 28. axb5 axb5 29. Rd2 Rxd2 30. Rxd2 Rb8 31. Rb2 b4 32. Ke1 Kf8 33. Kd2 Ke7 34. Kd3 f5 35. Kc4 Kf6 36. Rxb4 Rxb4+ 37. Kxb4 Ke5 38. Kc5 Kf4 39. gxf5 exf5 40. Kd4 Kg5 41. Ke5 g6 1/2-1/2

[Event "Halifax"]
[Site "Halifax CAN"]
[Date "2013.06.29"]
[Round "2"]
[White "Martin, Brendan"]
[Black "Burrows, Zachary"]
[Result "1-0"]
[WhiteElo "2082"]
[BlackElo "2031"]
[PlyCount "61"]
[GameId "2160767909339215"]
[EventDate "2013.06.28"]
[EventType "tourn"]
[EventRounds "5"]
[EventCountry "CAN"]
[SourceTitle "EXT 2022"]
[Source "ChessBase"]
[SourceDate "2021.10.06"]
[SourceVersion "1"]
[SourceVersionDate "2021.10.06"]
[SourceQuality "1"]

1. e4 d5 2. exd5 Qxd5 3. Nc3 Qd8 4. d4 c6 5. Bc4 e6 6. Nf3 Nf6 7. O-O Nbd7 8. Ne2 Be7 9. Nf4 Nb6 10. Bd3 c5 11. Be3 Nbd5 12. Qd2 Nxe3 13. fxe3 cxd4 14. exd4 Qb6 15. c3 e5 16. Nxe5 g5 17. Ne2 Be6 18. Ng3 O-O-O 19. Bf5 Rhg8 20. Rae1 Kb8 21. Nxf7 Bxf7 22. Rxe7 Bxa2 23. Be6 Bxe6 24. Rxf6 Rd6 25. Qe2 Bd5 26. Re8+ Rd8 27. Rxd8+ Qxd8 28. Qe5+ Ka8 29. Rd6 Qa5 30. Qxd5 Qa1+ 31. Nf1 1-0

[Event "Halifax"]
[Site "Halifax CAN"]
[Date "2013.06.29"]
[Round "3"]
[White "Burrows, Zachary"]
[Black "Charlton, Glenn"]
[Result "1/2-1/2"]
[WhiteElo "2031"]
[BlackElo "2013"]
[PlyCount "72"]
[GameId "2160767909339216"]
[EventDate "2013.06.28"]
[EventType "tourn"]
[EventRounds "5"]
[EventCountry "CAN"]
[SourceTitle "EXT 2022"]
[Source "ChessBase"]
[SourceDate "2021.10.06"]
[SourceVersion "1"]
[SourceVersionDate "2021.10.06"]
[SourceQuality "1"]

1. d4 d6 2. c4 e5 3. dxe5 dxe5 4. Qxd8+ Kxd8 5. Nc3 Be6 6. e4 c6 7. Nf3 f6 8. Be3 Nd7 9. Be2 Kc7 10. O-O Bc5 11. Bxc5 Nxc5 12. b4 Nd7 13. Rac1 Ne7 14. Rfd1 Nc8 15. b5 Nc5 16. Nd5+ Kb8 17. bxc6 bxc6 18. Rb1+ Nb6 19. Nc3 Kc7 20. Nd2 Rhd8 21. Nb3 Nba4 22. Nxc5 Nxc5 23. f3 Rxd1+ 24. Rxd1 Rb8 25. Rc1 Bf7 26. Kf1 Rb4 27. Nd1 Kb6 28. Ke1 Na4 29. Kd2 Kc5 30. Ne3 Rb2+ 31. Rc2 Rxc2+ 32. Kxc2 Kb4 33. Nf5 g6 34. Nd6 Be6 35. Ne8 f5 36. Ng7 Nc5 1/2-1/2

[Event "Halifax"]
[Site "Halifax CAN"]
[Date "2013.06.29"]
[Round "3"]
[White "Dorrance, Adam"]
[Black "Martin, Brendan"]
[Result "1/2-1/2"]
[WhiteElo "2192"]
[BlackElo "2082"]
[PlyCount "47"]
[GameId "2160767909339217"]
[EventDate "2013.06.28"]
[EventType "tourn"]
[EventRounds "5"]
[EventCountry "CAN"]
[SourceTitle "EXT 2022"]
[Source "ChessBase"]
[SourceDate "2021.10.06"]
[SourceVersion "1"]
[SourceVersionDate "2021.10.06"]
[SourceQuality "1"]

1. d4 Nf6 2. Nf3 e6 3. g3 d5 4. Bg2 Be7 5. O-O O-O 6. c4 Nbd7 7. cxd5 exd5 8. Nc3 Re8 9. Ne5 c6 10. Bf4 Nf8 11. e4 dxe4 12. Nxe4 Ne6 13. Be3 Nxe4 14. Bxe4 Bf6 15. f4 Nc7 16. g4 Be6 17. Qc2 g6 18. f5 Bd5 19. fxg6 hxg6 20. Bxg6 fxg6 21. Qxg6+ Bg7 22. Rf7 Bxf7 23. Qxf7+ Kh8 24. Qh5+ 1/2-1/2

[Event "Halifax"]
[Site "Halifax CAN"]
[Date "2013.06.30"]
[Round "4"]
[White "Dorrance, Adam"]
[Black "Giacomin, Gordon"]
[Result "1/2-1/2"]
[WhiteElo "2192"]
[BlackElo "1924"]
[PlyCount "96"]
[GameId "2160767909339218"]
[EventDate "2013.06.28"]
[EventType "tourn"]
[EventRounds "5"]
[EventCountry "CAN"]
[SourceTitle "EXT 2022"]
[Source "ChessBase"]
[SourceDate "2021.10.06"]
[SourceVersion "1"]
[SourceVersionDate "2021.10.06"]
[SourceQuality "1"]

1. e4 c6 2. c4 d5 3. exd5 cxd5 4. d4 Nf6 5. Nc3 Nc6 6. Nf3 g6 7. cxd5 Nxd5 8. Bc4 Nxc3 9. bxc3 Na5 10. Bd3 Bg7 11. Bf4 O-O 12. O-O Be6 13. Re1 Rc8 14. Qd2 Nc4 15. Qe2 Re8 16. Rec1 Qa5 17. Nd2 Nxd2 18. Bxd2 Qc7 19. Be4 Qd7 20. Be3 Bd5 21. Bxd5 Qxd5 22. Rab1 b6 23. c4 Qe4 24. Qc2 Qxc2 25. Rxc2 Red8 26. Rd1 Kf8 27. Kf1 b5 28. Rdc1 Bxd4 29. cxb5 Rxc2 30. Bh6+ Ke8 31. Rxc2 Rd5 32. Rd2 e5 33. a4 Rc5 34. Ke2 Rc4 35. Ra2 Rb4 36. Bd2 Rb3 37. Kd1 Rb1+ 38. Bc1 Kd7 39. Kc2 Rb4 40. Bd2 Rc4+ 41. Kb3 Rc8 42. a5 Bxf2 43. Bc3 Bg1 44. g3 e4 45. Bb4 f5 46. Rg2 Be3 47. Re2 Bg1 48. Rg2 Be3 1/2-1/2

[Event "Halifax"]
[Site "Halifax CAN"]
[Date "2013.06.30"]
[Round "4"]
[White "Martin, Brendan"]
[Black "Charlton, Glenn"]
[Result "1-0"]
[WhiteElo "2082"]
[BlackElo "2013"]
[PlyCount "143"]
[GameId "2160767909339219"]
[EventDate "2013.06.28"]
[EventType "tourn"]
[EventRounds "5"]
[EventCountry "CAN"]
[SourceTitle "EXT 2022"]
[Source "ChessBase"]
[SourceDate "2021.10.06"]
[SourceVersion "1"]
[SourceVersionDate "2021.10.06"]
[SourceQuality "1"]

1. e4 d6 2. d4 g6 3. Nc3 Bg7 4. Be3 Nf6 5. Be2 O-O 6. Qd2 e5 7. Nf3 Nc6 8. Bb5 exd4 9. Nxd4 Nxd4 10. Bxd4 a6 11. Be2 Re8 12. f3 b5 13. O-O Bb7 14. Rad1 Qe7 15. Rfe1 Rad8 16. Bf2 c5 17. a3 Qc7 18. Bf1 d5 19. exd5 Rxe1 20. Bxe1 Nxd5 21. Bf2 Rd7 22. Re1 Be5 23. Nxd5 Bxd5 24. Qh6 Be6 25. c3 Bf4 26. Qh4 Be5 27. Bg3 Bxg3 28. Qxg3 Qxg3 29. hxg3 Rd2 30. Re2 Rd1 31. Kf2 Bc4 32. Re8+ Kg7 33. Bxc4 bxc4 34. Ke2 Rg1 35. Kf2 Rd1 36. Re2 h5 37. Ke3 Rd6 38. Kf4 Kf6 39. g4 hxg4 40. Kxg4 Rd5 41. Kf4 g5+ 42. Kg3 Re5 43. Rd2 Kf5 44. Rd7 f6 45. Kf2 Re6 46. Rc7 Rb6 47. Rxc5+ Kg6 48. Rxc4 Rxb2+ 49. Kg3 Rb3 50. a4 Ra3 51. f4 gxf4+ 52. Kxf4 Ra2 53. g4 Re2 54. Rc6 Rc2 55. g5 Rf2+ 56. Ke3 Ra2 57. Rxf6+ Kxg5 58. Rxa6 Kf5 59. Kd4 Rh2 60. c4 Rd2+ 61. Kc5 Ke5 62. Ra8 Rh2 63. Re8+ Kf4 64. a5 Ra2 65. Kb6 Rb2+ 66. Ka7 Rc2 67. a6 Rxc4 68. Ka8 Ra4 69. a7 Kf5 70. Kb7 Rb4+ 71. Ka6 Ra4+ 72. Kb6 1-0

[Event "Halifax"]
[Site "Halifax CAN"]
[Date "2013.06.30"]
[Round "5"]
[White "Burrows, Zachary"]
[Black "Dorrance, Adam"]
[Result "0-1"]
[WhiteElo "2031"]
[BlackElo "2192"]
[PlyCount "68"]
[GameId "2160767909339220"]
[EventDate "2013.06.28"]
[EventType "tourn"]
[EventRounds "5"]
[EventCountry "CAN"]
[SourceTitle "EXT 2022"]
[Source "ChessBase"]
[SourceDate "2021.10.06"]
[SourceVersion "1"]
[SourceVersionDate "2021.10.06"]
[SourceQuality "1"]

1. d4 d5 2. Nf3 Nf6 3. Bf4 Bf5 4. e3 e6 5. Nbd2 Be7 6. Be2 O-O 7. Ne5 Ne4 8. Nxe4 Bxe4 9. f3 Bg6 10. O-O c5 11. c3 Nc6 12. Bd3 Rc8 13. Nxg6 hxg6 14. Bg3 Qb6 15. Qd2 cxd4 16. cxd4 Na5 17. Rfc1 Nc4 18. Bxc4 dxc4 19. Rc2 Qa6 20. Qe2 b5 21. e4 Rfd8 22. Bf2 Bf6 23. Rd2 Qa4 24. Kf1 b4 25. Qd1 Qa5 26. Rc1 Bg5 27. h4 Bxd2 28. Qxd2 c3 29. bxc3 bxc3 30. Qe2 Rd6 31. Rc2 Rb6 32. Be1 Qa3 33. Kf2 Rb2 34. Ke3 Qxa2 0-1

[Event "Halifax"]
[Site "Halifax CAN"]
[Date "2013.06.30"]
[Round "5"]
[White "Giacomin, Gordon"]
[Black "Martin, Brendan"]
[Result "1-0"]
[WhiteElo "1924"]
[BlackElo "2082"]
[PlyCount "104"]
[GameId "2160767909339221"]
[EventDate "2013.06.28"]
[EventType "tourn"]
[EventRounds "5"]
[EventCountry "CAN"]
[SourceTitle "EXT 2022"]
[Source "ChessBase"]
[SourceDate "2021.10.06"]
[SourceVersion "1"]
[SourceVersionDate "2021.10.06"]
[SourceQuality "1"]

1. e4 c6 2. d4 d5 3. Nc3 dxe4 4. Nxe4 Bf5 5. Ng3 Bg6 6. N1e2 e6 7. Nf4 Bd6 8. Bc4 Nf6 9. O-O Qc7 10. Nd3 h5 11. f4 h4 12. Ne2 Nbd7 13. Ne5 Bf5 14. Bd3 g6 15. Nc3 Nb6 16. Qe2 O-O-O 17. Ne4 Nxe4 18. Bxe4 f6 19. Bxf5 gxf5 20. Nc4 Rhe8 21. Nxb6+ Qxb6 22. Qf2 h3 23. g3 Qb5 24. b3 Qd5 25. c4 Qa5 26. Be3 Rd7 27. a3 Qc3 28. Rfb1 Red8 29. Bd2 Qc2 30. Ba5 Qxf2+ 31. Kxf2 b6 32. Bc3 c5 33. Re1 cxd4 34. Bxd4 Bc5 35. Bxc5 Rd2+ 36. Re2 bxc5 37. Rae1 Rxe2+ 38. Rxe2 Rd6 39. Re3 Kd7 40. Ke2 Ra6 41. Rd3+ Ke7 42. a4 Rd6 43. Re3 Kd7 44. Kf3 Rd2 45. Re2 Rxe2 46. Kxe2 e5 47. fxe5 fxe5 48. Kf3 Kc6 49. Ke3 Kb6 50. Kf3 Ka5 51. g4 e4+ 52. Kg3 e3 1-0

[Event "Hart House Holidays op"]
[Site "Toronto CAN"]
[Date "2013.12.20"]
[Round "1"]
[White "Cheng, Bindi"]
[Black "Southam, David"]
[Result "1/2-1/2"]
[WhiteElo "2536"]
[BlackElo "2233"]
[PlyCount "73"]
[GameId "2160767909208150"]
[EventDate "2013.12.20"]
[EventType "swiss"]
[EventRounds "5"]
[EventCountry "CAN"]
[SourceTitle "EXT 2015"]
[Source "ChessBase"]
[SourceDate "2014.11.20"]
[SourceVersion "1"]
[SourceVersionDate "2014.11.20"]
[SourceQuality "1"]

1. Nf3 d5 2. g3 c6 3. Bg2 Bg4 4. c4 e6 5. O-O Nd7 6. cxd5 cxd5 7. Nc3 Ngf6 8. Qb3 Bxf3 9. Bxf3 Qb6 10. Qxb6 Nxb6 11. d3 Be7 12. Be3 Nfd7 13. Rfc1 O-O 14. Bg2 Rac8 15. Kf1 Rc6 16. Bd2 Rfc8 17. e3 a6 18. Ke2 Kf8 19. Rab1 R6c7 20. f4 Na8 21. f5 Ke8 22. d4 b5 23. fxe6 fxe6 24. e4 b4 25. Na4 Rxc1 26. Rxc1 Rxc1 27. Bxc1 Nab6 28. Nxb6 Nxb6 29. Kf3 Bf6 30. exd5 exd5 31. Bf1 a5 32. Be3 Ke7 33. b3 Nc8 34. Bd3 g6 35. h4 Na7 36. h5 Kf7 37. hxg6+ 1/2-1/2

[Event "Hart House Holidays op"]
[Site "Toronto CAN"]
[Date "2013.12.21"]
[Round "2"]
[White "Sambuev, Bator"]
[Black "Song, Michael"]
[Result "1/2-1/2"]
[WhiteElo "2596"]
[BlackElo "2356"]
[PlyCount "96"]
[GameId "2160767909208152"]
[EventDate "2013.12.20"]
[EventType "swiss"]
[EventRounds "5"]
[EventCountry "CAN"]
[SourceTitle "EXT 2015"]
[Source "ChessBase"]
[SourceDate "2014.11.20"]
[SourceVersion "1"]
[SourceVersionDate "2014.11.20"]
[SourceQuality "1"]

1. d4 Nf6 2. Nf3 g6 3. Bg5 Bg7 4. Nbd2 O-O 5. c3 d6 6. e4 Nbd7 7. Be2 c5 8. d5 h6 9. Bh4 Qc7 10. Qc2 a6 11. a4 b6 12. O-O g5 13. Bg3 Nh5 14. Nc4 Nxg3 15. hxg3 Kh8 16. Nfd2 Nf6 17. f4 g4 18. Ne3 h5 19. Kf2 Bh6 20. Rh1 Kg7 21. c4 e5 22. fxe5 dxe5 23. Raf1 Nxe4+ 24. Nxe4 f5 25. Qc3 fxe4+ 26. Ke1 Rxf1+ 27. Rxf1 Qd6 28. Bd1 Bd7 29. Nf5+ Bxf5 30. Rxf5 Kg6 31. Qxe5 Qxe5 32. Rxe5 Bg7 33. Re6+ Kf7 34. Rxb6 Be5 35. Kf2 Rb8 36. Rxb8 Bxb8 37. Ke3 Bxg3 38. b4 Bd6 39. b5 a5 40. Kxe4 Kf6 41. b6 Kg5 42. b7 h4 43. Be2 h3 44. gxh3 gxh3 45. Bf1 h2 46. Bg2 Kf6 47. Bh1 Ke7 48. Kf5 Bc7 1/2-1/2

[Event "Hart House Holidays op"]
[Site "Toronto CAN"]
[Date "2013.12.21"]
[Round "2"]
[White "Thavandiran, Shiyam"]
[Black "Itkin, David"]
[Result "1-0"]
[WhiteElo "2499"]
[BlackElo "2177"]
[PlyCount "57"]
[GameId "2160767909208153"]
[EventDate "2013.12.20"]
[EventType "swiss"]
[EventRounds "5"]
[EventCountry "CAN"]
[SourceTitle "EXT 2015"]
[Source "ChessBase"]
[SourceDate "2014.11.20"]
[SourceVersion "1"]
[SourceVersionDate "2014.11.20"]
[SourceQuality "1"]

1. e4 c5 2. Nf3 d6 3. d4 cxd4 4. Nxd4 Nf6 5. Nc3 Nc6 6. Bg5 e6 7. Qd2 a6 8. O-O-O h6 9. Bf4 Bd7 10. Bg3 Rc8 11. f3 Ne5 12. f4 Nc4 13. Bxc4 Rxc4 14. e5 dxe5 15. fxe5 Nh5 16. Bf2 Qg5 17. Be3 Qxe5 18. Nf3 Qc7 19. Bb6 Qf4 20. Be3 Qc7 21. Bb6 Qf4 22. Ne5 Rxc3 23. bxc3 Ba3+ 24. Kb1 Qxd2 25. Rxd2 Nf6 26. Rhd1 Nd5 27. Rxd5 exd5 28. Rxd5 Ke7 29. Nxd7 1-0

[Event "Hart House Readine Week op U2200"]
[Site "Toronto CAN"]
[Date "2013.02.22"]
[Round "1"]
[White "Xu, Jeffrey"]
[Black "Nicholson, Matthew"]
[Result "0-1"]
[WhiteElo "1972"]
[BlackElo "2168"]
[PlyCount "130"]
[GameId "2160767909381602"]
[EventDate "2013.02.22"]
[EventType "swiss"]
[EventRounds "5"]
[EventCountry "CAN"]

1. e4 c5 2. Nf3 d6 3. d3 Nc6 4. g3 g6 5. Bg2 Bg7 6. O-O e6 7. Re1 Nge7 8. Nbd2 O-O 9. Nf1 b6 10. c3 Bb7 11. d4 cxd4 12. cxd4 Rc8 13. a3 Na5 14. N1d2 Qc7 15. Bf1 d5 16. e5 Qc2 17. Qxc2 Rxc2 18. Bd3 Rc7 19. b3 Rc3 20. Re3 Nxb3 21. Nxb3 Rxb3 22. Be2 Rxe3 23. Bxe3 Rc8 24. Bd2 Nc6 25. Rb1 Nb8 26. a4 Ba6 27. Bxa6 Nxa6 28. Kf1 Bf8 29. Rc1 Rxc1+ 30. Bxc1 Nb4 31. Ke2 Nc6 32. Kd3 Bb4 33. Bh6 Na5 34. Kc2 Nc4 35. Kb3 Bf8 36. Bxf8 Kxf8 37. Kb4 a6 38. Ne1 Ke7 39. Nd3 Kd7 40. Kc3 Kc7 41. h4 Kc6 42. Nb4+ Kb7 43. Nd3 a5 44. h5 Kc6 45. hxg6 hxg6 46. Nf4 b5 47. axb5+ Kxb5 48. Nh3 a4 49. Ng5 a3 50. Kb3 Nd2+ 51. Kxa3 Kc4 52. Nxf7 Nf3 53. Nd8 Nxd4 54. f4 Nb5+ 55. Kb2 Nc7 56. Nc6 Kd3 57. Ne7 Ke4 58. Nxg6 Kf3 59. Nf8 Kxg3 60. Nxe6 Nxe6 61. f5 Nd4 62. f6 Kf4 63. Kc3 Kxe5 64. Kd3 Ne6 65. f7 Kf6 0-1

[Event "Hart House Readine Week op U2200"]
[Site "Toronto CAN"]
[Date "2013.02.23"]
[Round "2"]
[White "Nicholson, Matthew"]
[Black "Li, Yinshi"]
[Result "1-0"]
[WhiteElo "2168"]
[BlackElo "2086"]
[PlyCount "73"]
[GameId "2160767909381603"]
[EventDate "2013.02.22"]
[EventType "swiss"]
[EventRounds "5"]
[EventCountry "CAN"]

1. e4 e6 2. d4 d5 3. Nc3 Bb4 4. e5 c5 5. a3 Bxc3+ 6. bxc3 Ne7 7. Qg4 Qc7 8. Qxg7 Rg8 9. Qxh7 cxd4 10. Ne2 Nbc6 11. f4 Bd7 12. Qd3 dxc3 13. Qxc3 O-O-O 14. Rb1 Nf5 15. Rg1 d4 16. Qd3 Na5 17. Rb4 a6 18. g4 Ne3 19. Bxe3 Bb5 20. Qd2 dxe3 21. Qxe3 Nc4 22. Qc3 Nd2 23. Rg3 Qxc3 24. Rxc3+ Kb8 25. Bh3 Bc4 26. Rcxc4 Nxc4 27. Rxc4 Rd7 28. Kf2 Rd1 29. g5 Rh8 30. Rc3 Rh4 31. Kg3 Rh8 32. Bg2 Rd2 33. Bf3 Rc8 34. Rb3 Rc7 35. h4 Rdxc2 36. h5 Rd2 37. f5 1-0

[Event "Hart House Readine Week op U2200"]
[Site "Toronto CAN"]
[Date "2013.02.23"]
[Round "3"]
[White "Nasir, Zehn"]
[Black "Nicholson, Matthew"]
[Result "1/2-1/2"]
[WhiteElo "2157"]
[BlackElo "2168"]
[PlyCount "49"]
[GameId "2160767909381604"]
[EventDate "2013.02.22"]
[EventType "swiss"]
[EventRounds "5"]
[EventCountry "CAN"]

1. e4 c5 2. Nf3 d6 3. d4 cxd4 4. Nxd4 Nf6 5. Nc3 g6 6. Be3 Bg7 7. f3 O-O 8. Qd2 Nc6 9. O-O-O d5 10. Qe1 e5 11. Nxc6 bxc6 12. exd5 Nxd5 13. Bc4 Be6 14. Bc5 Qg5+ 15. Kb1 Nxc3+ 16. Qxc3 e4 17. Bd4 Bxd4 18. Qxd4 Bxc4 19. Qxc4 Qxg2 20. fxe4 Rad8 21. Rdg1 Qf3 22. b3 Rd6 23. h4 Re6 24. Re1 Rfe8 25. Kb2 1/2-1/2

[Event "Hart House Readine Week op U2200"]
[Site "Toronto CAN"]
[Date "2013.02.24"]
[Round "4"]
[White "Nicholson, Matthew"]
[Black "Yu, Jonathan"]
[Result "1-0"]
[WhiteElo "2168"]
[BlackElo "2142"]
[PlyCount "69"]
[GameId "2160767909381605"]
[EventDate "2013.02.22"]
[EventType "swiss"]
[EventRounds "5"]
[EventCountry "CAN"]

1. c4 e6 2. d4 Nf6 3. g3 Bb4+ 4. Bd2 Qe7 5. Bg2 d5 6. Nf3 O-O 7. O-O Rd8 8. Qc2 Nc6 9. Rd1 dxc4 10. Qxc4 Bxd2 11. Nbxd2 e5 12. Nxe5 Nxd4 13. e3 Qxe5 14. exd4 Qd6 15. Ne4 Nxe4 16. Bxe4 c6 17. d5 Bg4 18. Bxh7+ Kxh7 19. Qxg4 cxd5 20. Qh5+ Kg8 21. Rd4 Qb6 22. Rh4 f6 23. Re1 Qd6 24. Qg6 Qd7 25. Rh7 Re8 26. Rxe8+ Rxe8 27. Rxg7+ Qxg7 28. Qxe8+ Kh7 29. Qh5+ Qh6 30. Qxh6+ Kxh6 31. Kf1 Kg5 32. Ke2 Kg4 33. h4 f5 34. f3+ Kh5 35. Ke3 1-0

[Event "Hart House Readine Week op U2200"]
[Site "Toronto CAN"]
[Date "2013.02.24"]
[Round "5"]
[White "Deline, Ralph"]
[Black "Nicholson, Matthew"]
[Result "0-1"]
[WhiteElo "1739"]
[BlackElo "2168"]
[PlyCount "70"]
[GameId "2160767909381606"]
[EventDate "2013.02.22"]
[EventType "swiss"]
[EventRounds "5"]
[EventCountry "CAN"]

1. e4 c5 2. Nf3 d6 3. Bb5+ Bd7 4. Bxd7+ Qxd7 5. O-O Nf6 6. e5 dxe5 7. Nxe5 Qc7 8. Re1 e6 9. Nc3 a6 10. d3 Bd6 11. Qe2 O-O 12. h3 Nc6 13. Nxc6 Qxc6 14. Bg5 Be7 15. Rad1 Rfe8 16. d4 Nd5 17. Ne4 Bxg5 18. Nxg5 h6 19. Nf3 b5 20. c4 bxc4 21. Qxc4 Qb5 22. b3 Rec8 23. Rc1 Qxc4 24. Rxc4 cxd4 25. Rxc8+ Rxc8 26. Nxd4 Nc3 27. Rc1 e5 28. Rxc3 Rxc3 29. Nf3 Rc1+ 30. Kh2 f6 31. Kg3 Rc2 32. Ne1 Rxa2 33. Nd3 Rc2 34. Nb4 Rc3+ 35. Kg4 a5 0-1

[Event "Hart House Reading Week op U1600"]
[Site "Toronto CAN"]
[Date "2013.02.22"]
[Round "1"]
[White "Pishdad, Hassan"]
[Black "Olheiser, Aaron"]
[Result "0-1"]
[WhiteElo "1328"]
[BlackElo "774"]
[PlyCount "71"]
[GameId "2160767909381607"]
[EventDate "2013.02.22"]
[EventType "swiss"]
[EventRounds "5"]
[EventCountry "CAN"]

1. d4 d5 2. c4 Nf6 3. e3 Nbd7 4. cxd5 Nxd5 5. Bc4 e6 6. Bxd5 exd5 7. Nc3 c6 8. a3 Nb6 9. h3 Be7 10. Nge2 O-O 11. b3 a5 12. a4 Bb4 13. O-O Qg5 14. e4 Qg6 15. Nf4 Qd6 16. e5 Qd8 17. Nfe2 Re8 18. Na2 Nd7 19. Nxb4 axb4 20. f4 b5 21. Bd2 Qa5 22. Qc2 Nb8 23. Ra3 Re6 24. f5 Rh6 25. Qc5 Na6 26. Qe7 Bb7 27. Qxb7 Rb8 28. Qe7 Qd8 29. Bxb4 Qxe7 30. Bxe7 Re8 31. f6 Nb4 32. Bxb4 gxf6 33. Bd2 b4 34. Ra2 Rg6 35. Nf4 Rg3 36. Nh5 0-1

[Event "Hart House Reading Week op U1600"]
[Site "Toronto CAN"]
[Date "2013.02.24"]
[Round "4"]
[White "Belrose, Todd"]
[Black "Pishdad, Hassan"]
[Result "1/2-1/2"]
[WhiteElo "829"]
[BlackElo "1328"]
[PlyCount "91"]
[GameId "2160767909381608"]
[EventDate "2013.02.22"]
[EventType "swiss"]
[EventRounds "5"]
[EventCountry "CAN"]

1. e4 c5 2. Nc3 d6 3. d3 Nc6 4. Nf3 h6 5. d4 cxd4 6. Nxd4 e5 7. Nxc6 bxc6 8. Bc4 Nf6 9. Be3 Be7 10. Qd3 O-O 11. Ba6 d5 12. Bxc8 Rxc8 13. exd5 Bb4 14. dxc6 Qxd3 15. cxd3 Rxc6 16. Rc1 Rfc8 17. O-O Bxc3 18. bxc3 Rxc3 19. Rxc3 Rxc3 20. Rd1 a6 21. h3 Ra3 22. Rd2 Nd5 23. Bc5 Ra4 24. Rb2 Nf4 25. Rd2 Ra5 26. Bb6 Rd5 27. d4 Ne6 28. f3 f6 29. Kf2 exd4 30. g4 Rd6 31. Ba5 Kf7 32. h4 g5 33. h5 Rd5 34. Bb6 a5 35. a4 Ke7 36. Ke2 Nf4+ 37. Kd1 d3 38. Ke1 Ke6 39. Kf2 Re5 40. Bc7 Rc5 41. Bxf4 Rc2 42. Ke3 gxf4+ 43. Kxd3 Rxd2+ 44. Kxd2 Kd5 45. Kd3 Kc5 46. Kc3 1/2-1/2